ដីព្រៃឈើ (Record no. 9136)
[ view plain ]
| 000 -LEADER | |
|---|---|
| fixed length control field | 00261nam a22001217a 4500 |
| 040 ## - CATALOGING SOURCE | |
| Transcribing agency | SY |
| 082 ## - DEWEY DECIMAL CLASSIFICATION NUMBER | |
| Classification number | 333 |
| 100 ## - MAIN ENTRY--AUTHOR NAME | |
| Personal name | សំរិត ប៉ិច |
| 245 ## - TITLE STATEMENT | |
| Title | ដីព្រៃឈើ |
| 260 ## - PUBLICATION, DISTRIBUTION, ETC. (IMPRINT) | |
| Place of publication | RUA |
| Name of publisher | សំរិត |
| Year of publication | 1997 |
| 300 ## - PHYSICAL DESCRIPTION | |
| Number of Pages | 70p. |
| 942 ## - ADDED ENTRY ELEMENTS (KOHA) | |
| Koha item type | សៀវភៅភាសាខ្មែរ |
| 952 ## - LOCATION AND ITEM INFORMATION (KOHA) | |
| Withdrawn status [LOCAL, KOHA] | 0 |
| 952 ## - LOCATION AND ITEM INFORMATION (KOHA) | |
| Withdrawn status [LOCAL, KOHA] | 0 |
| 952 ## - LOCATION AND ITEM INFORMATION (KOHA) | |
| Withdrawn status [LOCAL, KOHA] | 0 |
| Permanent Location | Date acquired | Koha item type | Lost status | Shelving location | Barcode | Current Location | Full call number |
|---|---|---|---|---|---|---|---|
| Library Block C | 2016-08-25 | សៀវភៅភាសាខ្មែរ | C193 | RUA043421 | Library Block C | 333 សំរិត 1997 C193 | |
| Library Block C | 2016-08-25 | សៀវភៅភាសាខ្មែរ | C079 | RUA042258 | Library Block C | 333 សំរិត 1997 C079 | |
| Library Block C | 2016-08-25 | សៀវភៅភាសាខ្មែរ | C193 | RUA44736 | Library Block C | 333 សំរិត 1997 C193 |